000 00626nam a2200229Ia 4500
003 OSt
005 20230518151330.0
008 210423s2014 xx 000 0 und d
020 _a978-93-82993-40-7
040 _cAL
041 _aeng
082 _a531 CHAF
100 _aCHANDRA (Suresh);SHARMA (Mohit Kumar);SHARMA (Monika)
_9108605
245 _aFundamentals of mechanics
260 _aBengaluru
_bFoundation Books Pvt Ltd
_c2014
300 _aviii,237
_bPB
365 _b295
_cINR
650 _aClassical Mechanics
_9108606
650 _aPhysics
_9108607
906 _aFundamentals ; mechanics
942 _2ddc
_cBK
999 _c167785
_d167785